000 00451cas4a220015700 4500
001 zam00005897
008 951212n xx eng u
022 _aOOO6-7326
035 _a(Sirsi) r23065
035 _a(MACHINE)00917
245 0 0 _aBook review digest.
260 _aNew York :
_bH.W. Wilson.
650 _aBooks -- Reviews.
_xBooks -- Reviews.
_6S16077.1
949 _aGEN.REF. Z1035
_wlcc
_i-22356
_mMAIN
_p000
_tBOOK
_lON-SHELF
004 23065
999 _c181787
_d181787